| 000 | 01019nam a2200253Ia 4500 | ||
|---|---|---|---|
| 003 | GCL | ||
| 008 | 140319s9999 xx 000 0 ara d | ||
| 040 |
_aGCL / _cGCL |
||
| 082 | 0 | 4 |
_a953.09612 _bم ت |
| 100 | 1 | _aمحمد الاسطى | |
| 245 | 1 | 0 |
_aتاريخ القوات المسلحة التركية : الدور العثمانى فى الحرب العثمانية الايطالية 1911_1912 / _cمحمد الاسطى |
| 700 | 1 | _aعلى عزازى (مترجم) | |
| 700 | 1 | _aنجم الدين زين العابدين | |
| 260 |
_a[S.N] : _bمنشورات مركز دراسة جهاد الليبيين ، _c1988 |
||
| 300 | _a592 ص | ||
| 490 |
_aسلسلة الدراسات المترجمة _v0 |
||
| 650 | 0 | 4 | _aتاريخ |
| 650 | 0 | 4 | _aليبيا |
| 650 | 0 | 4 | _aالتاريخ الحربى |
| 650 | 0 | 4 | _aالامبراطورية العثمانية |
| 650 | 0 | 4 | _aالاحتلال الايطالى |
| 650 | 0 | 4 | _aالعالم العربى - تاريخ - العصر العثمانى |
| 942 |
_2ddc _cBK |
||
| 999 |
_c36187 _d36187 |
||